[Event "Let's Play Chess!"]
[Site "http://www.queenalice.com/game.php?id=432641"]
[Date "2008.7.13"]
[Round "-"]
[White "kiwi1"]
[Black "creualta"]
[Result "0-1"]
[WhiteElo "1356"]
[BlackElo "1546"]

1. f3 e5 2. Kf2 Bc5+ 3. e3 Qf6 4. Ne2 e4 5. d4 Bb4 6. Nf4 d5 7. Nxd5 Qd6 8. c4
c5 9. a3 Ba5 10. b4 cxb4 11. axb4 Bxb4 12. Qa4+ Bd7 13. Qxb4 Qc6 14. Nbc3 Na6
15. Rxa6 bxa6 16. Ba3 Be6 17. Qf8+ Kd7 18. Nxe4 Rxf8 19. Nc5+ Ke8 20. Nxe6 fxe6
21. Bxf8 Kxf8 22. Nf4 g5 23. d5 exd5 24. Nxd5 Nf6 25. Be2 Nxd5 26. cxd5 Qd6 27.
Rd1 a5 28. f4 gxf4 29. e4 Rg8 30. Bf3 Kg7 31. Ke1 a4 32. Rb1 a3 33. Ra1 Qb6 34.
Bd1 Qb2 0-1

[Event "Let's Play Chess!"]
[Site "http://www.queenalice.com/game.php?id=432642"]
[Date "2008.7.13"]
[Round "-"]
[White "kiwi1"]
[Black "lafasouza"]
[Result "0-1"]
[WhiteElo "1354"]
[BlackElo "1607"]

1. f3 d5 2. Kf2 e6 3. e3 Nf6 4. Ne2 Nc6 5. d4 h5 6. c4 h4 7. Nf4 g5 8. cxd5 exd5
9. Bb5 Bd7 10. Nc3 a6 11. Be2 gxf4 12. exf4 h3 13. gxh3 Bxh3 14. Bd3 Be7 15. Bd2
Nxd4 16. Qa4+ Nd7 17. Qxd4 Bc5 18. Qxc5 Nxc5 19. Rae1+ Kf8 20. f5 Nxd3+ 21. Ke3
Nxe1 22. Rxe1 d4+ 23. Kd3 dxc3+ 24. Kxc3 Bxf5 25. Re3 Rxh2 26. Be1 Qf6+ 27. Kb3
Qb6+ 28. Bb4+ Kg7 29. f4 Qxe3+ 0-1

[Event "Let's Play Chess!"]
[Site "http://www.queenalice.com/game.php?id=432643"]
[Date "2008.7.13"]
[Round "-"]
[White "vulture"]
[Black "kiwi1"]
[Result "1-0"]
[WhiteElo "1610"]
[BlackElo "1348"]

1. e4 c5 2. d4 e6 3. e5 Nc6 4. Nf3 Nge7 5. dxc5 Qc7 6. Bc4 Nxe5 7. Be2 Qxc5 8.
O-O d5 9. Be3 Nxf3+ 10. Bxf3 Qc7 11. Nc3 a6 12. g3 Nc6 13. Bf4 Bd6 14. Bg5 O-O
15. a3 f5 16. Qe2 Nd4 17. Qd1 f4 18. Qxd4 fxg3 19. fxg3 Bd7 20. Rae1 e5 21.
Qxd5+ Kh8 22. Qe4 Bc6 23. Qg4 Rf6 24. Bxf6 gxf6 25. Bd1 Bc5+ 26. Rf2 Rd8 27. Kf1
Bxf2 28. Kxf2 Rd2+ 29. Ke3 Rd4 30. Qf5 Bd7 31. Qxf6+ Kg8 32. Bh5 Rd6 33. Qf7+
Kh8 34. Qf8# 1-0

[Event "Let's Play Chess!"]
[Site "http://www.queenalice.com/game.php?id=435751"]
[Date "2008.7.19"]
[Round "-"]
[White "kiwi1"]
[Black "amandolin"]
[Result "0-1"]
[WhiteElo "1314"]
[BlackElo "1264"]

1. f3 Nf6 2. Kf2 g6 3. e3 Bg7 4. Ne2 d5 5. d4 Nc6 6. c4 e6 7. Nbc3 O-O 8. Nf4
Bd7 9. cxd5 Nxd5 10. Bd2 Nxf4 11. exf4 Nxd4 12. Be3 c5 13. Ne4 Qe7 14. f5 exf5
15. Rc1 fxe4 16. Bc4 Be6 17. Bf4 Rad8 18. Qe1 Nf5 19. g3 Bxc4 20. fxe4 Bd4+ 21.
Kg2 Rfe8 22. exf5 Qe2+ 23. Qxe2 Rxe2+ 24. Kh3 Bxa2 25. Kg4 Be3 26. Bxe3 Rxe3 27.
Rhf1 h6 28. Rxc5 Rd4+ 29. Kh3 Bd5 30. Rc7 Re2 31. fxg6 Bg2# 0-1

[Event "Let's Play Chess!"]
[Site "http://www.queenalice.com/game.php?id=435752"]
[Date "2008.7.19"]
[Round "-"]
[White "kiwi1"]
[Black "smcneil"]
[Result "0-1"]
[WhiteElo "1356"]
[BlackElo "1801"]

1. f3 e5 2. Kf2 d5 3. e3 Nf6 4. Ne2 e4 5. Nd4 exf3 6. Nxf3 Bd6 7. h3 Ne4+ 8. Kg1
Bg3 9. d3 Bf2+ 10. Kh2 Qd6+ 11. g3 Qxg3# 0-1

[Event "Let's Play Chess!"]
[Site "http://www.queenalice.com/game.php?id=438737"]
[Date "2008.7.25"]
[Round "-"]
[White "kiwi1"]
[Black "alfabeto"]
[Result "0-1"]
[WhiteElo "1334"]
[BlackElo "1859"]

1. f3 e5 2. Kf2 Bc5+ 3. e3 Nc6 4. Ne2 d6 5. d4 exd4 6. exd4 Nxd4 7. Nxd4 Qh4+ 8.
g3 Qxd4+ 9. Qxd4 Bxd4+ 10. Be3 Bxb2 11. Nc3 Bxa1 12. Nd5 Kd8 13. Bc4 Bf6 14. Re1
c6 15. Nxf6 Nxf6 16. Bf4 d5 17. Rd1 Re8 18. Bg5 Bf5 19. Bb3 Kd7 20. c4 Be6 21.
Be3 Kc8 22. Ba4 dxc4 23. Rc1 Nd5 24. Bd4 f6 25. Bc5 c3 0-1

[Event "Let's Play Chess!"]
[Site "http://www.queenalice.com/game.php?id=438738"]
[Date "2008.7.25"]
[Round "-"]
[White "kiwi1"]
[Black "karpovl"]
[Result "1-0"]
[WhiteElo "1342"]
[BlackElo "1603"]

1. f3 e5 2. Kf2 e4 3. Nc3 Qh4+ 4. g3 Bc5+ 5. e3 Qf6 6. Nxe4 Qe5 7. d4 Qh5 8.
dxc5 d5 9. Nc3 Nf6 10. Nge2 Nbd7 11. Nf4 Qf5 12. Bd3 Qe5 13. Bb5 a6 14. Be2 Nxc5
15. Ncxd5 Bh3 16. Nxf6+ gxf6 17. Nxh3 Ke7 18. Qd4 Rhd8 19. Qb4 b6 20. Bd2 a5 21.
Qh4 Rxd2 22. Rad1 Rxc2 23. Qxh7 Qxb2 24. Nf4 Ne6 25. Ng6+ 1-0

[Event "Let's Play Chess!"]
[Site "http://www.queenalice.com/game.php?id=438739"]
[Date "2008.7.25"]
[Round "-"]
[White "kiwi1"]
[Black "spawnwolfwolverine"]
[Result "0-1"]
[WhiteElo "1334"]
[BlackElo "1717"]

1. f3 d6 2. Kf2 e5 3. e3 g6 4. Ne2 b6 5. d4 Bg7 6. c4 Ba6 7. Nbc3 Ne7 8. b3 O-O
9. Ng3 exd4 10. Nb5 Bxb5 11. Rb1 dxe3+ 12. Bxe3 Bc6 13. h4 a5 14. Bd4 Bxd4+ 15.
Qxd4 Bb7 16. h5 c5 17. Qg4 Nd7 18. Bd3 Ne5 19. Qg5 Nxd3+ 20. Kf1 d5 21. Qf6 Nf5
22. Qc3 dxc4 23. Nxf5 gxf5 24. bxc4 h6 25. g3 Bxf3 26. Rh2 Bg4 0-1

[Event "Let's Play Chess!"]
[Site "http://www.queenalice.com/game.php?id=438740"]
[Date "2008.7.25"]
[Round "-"]
[White "kiwi1"]
[Black "spawnwolfwolverine"]
[Result "0-1"]
[WhiteElo "1317"]
[BlackElo "1653"]

1. f3 d6 2. Kf2 e5 3. e3 Nf6 4. Ne2 Be7 5. d4 O-O 6. c3 b6 7. Ng3 Nbd7 8. Nd2 a5
9. a4 exd4 10. cxd4 c5 11. Nc4 Ba6 12. Bd3 Bxc4 13. Bxc4 g6 14. Bd2 cxd4 15.
exd4 h5 16. Ba2 d5 17. Bb1 Bb4 18. Bg5 Kg7 19. Qc2 Qc8 20. Qd3 Nh7 21. Bd2 Bxd2
22. Nxh5+ gxh5 23. Qxh7+ Kf6 24. Qxh5 Ke7 25. Bf5 Qc6 26. b3 Bb4 27. Qg5+ Qf6
28. Qe3+ Kd8 29. Bg4 Re8 30. Qd3 Rc8 31. h4 Rc3 32. Qd1 Rh8 33. h5 Qg5 34. Ra2
f5 35. Bh3 Rxh5 36. Re2 Rh4 37. g3 Rh5 38. Bg2 Rxh1 0-1

[Event "Let's Play Chess!"]
[Site "http://www.queenalice.com/game.php?id=438741"]
[Date "2008.7.25"]
[Round "-"]
[White "kiwi1"]
[Black "spawnwolfwolverine"]
[Result "0-1"]
[WhiteElo "1340"]
[BlackElo "1637"]

1. f3 e6 2. Kf2 d5 3. e3 Nc6 4. Ne2 b6 5. d4 Ba6 6. Nf4 Bxf1 7. Rxf1 g6 8. c4
dxc4 9. Nc3 Bh6 10. Qe2 Bxf4 11. exf4 Nxd4 12. Qxc4 c5 13. Be3 Nc2 14. Rab1 Nxe3
15. Kxe3 Qd4+ 16. Qxd4 cxd4+ 17. Kxd4 Ne7 18. Nb5 O-O 19. Nc7 Rad8+ 20. Kc4 Rc8
21. Kb5 Rxc7 22. Rfe1 Nf5 23. Ka6 Nd4 24. Red1 Nc2 0-1

[Event "Let's Play Chess!"]
[Site "http://www.queenalice.com/game.php?id=439201"]
[Date "2008.7.26"]
[Round "-"]
[White "kiwi1"]
[Black "ousado"]
[Result "0-1"]
[WhiteElo "1368"]
[BlackElo "1462"]

1. f3 e5 2. Kf2 Nc6 3. e3 d5 4. Ne2 Nf6 5. d4 Bd6 6. c3 O-O 7. Bd2 e4 8. Ng3
exf3 9. Qxf3 Bg4 10. Qxg4 Nxg4+ 11. Kg1 Qf6 12. Ne4 dxe4 13. Be1 Nxd4 14. cxd4
Bf4 15. exf4 Qxd4+ 16. Bf2 Qxf2# 0-1

[Event "Let's Play Chess!"]
[Site "http://www.queenalice.com/game.php?id=439202"]
[Date "2008.7.26"]
[Round "-"]
[White "kiwi1"]
[Black "marcattack"]
[Result "0-1"]
[WhiteElo "1314"]
[BlackElo "1571"]

1. f3 e5 2. Kf2 f5 3. e3 f4 4. Ne2 Bc5 5. d4 exd4 6. Nxd4 Qh4+ 7. g3 fxg3+ 8.
Kg2 d6 9. Be2 Qh3+ 10. Kg1 g2 11. Nd2 gxh1=Q+ 12. Kxh1 Nf6 13. Bf1 Qh4 14. Nf5
Qg5 15. Nd4 Bxd4 16. exd4 O-O 17. Ne4 Qh5 18. Bd3 d5 19. Ng3 Qh4 20. Qg1 Nh5 21.
Nxh5 Qxh5 22. Bd2 Nc6 23. f4 Bh3 24. Rf1 Rae8 25. Rf2 Nxd4 26. Bc3 c5 27. Bd2
Nf3 28. Qg3 Nxd2 29. Rxd2 Rxf4 0-1

[Event "Let's Play Chess!"]
[Site "http://www.queenalice.com/game.php?id=439203"]
[Date "2008.7.26"]
[Round "-"]
[White "kiwi1"]
[Black "minimindy"]
[Result "0-1"]
[WhiteElo "1332"]
[BlackElo "1887"]

1. f3 d5 2. Kf2 e5 3. e3 Bc5 4. Ne2 Nf6 5. d4 exd4 6. Nxd4 Bxd4 7. Qxd4 Nc6 8.
Qd1 O-O 9. b3 Re8 10. Bb5 Qd6 11. Nc3 Bd7 12. Bb2 a6 13. Be2 Re6 14. h4 Rae8 15.
e4 dxe4 16. Qxd6 cxd6 17. Rad1 e3+ 18. Kf1 Nh5 19. Ne4 Rxe4 20. fxe4 Ng3+ 21.
Kg1 Nxh1 22. Kxh1 Rxe4 23. h5 Bg4 24. Bxg4 Rxg4 25. Re1 Rh4+ 26. Kg1 Re4 27. Re2
Ne5 28. c4 Nd3 29. Ba3 Nf4 30. Re1 e2 31. Bxd6 Nd3 0-1

[Event "Let's Play Chess!"]
[Site "http://www.queenalice.com/game.php?id=439204"]
[Date "2008.7.27"]
[Round "-"]
[White "kiwi1"]
[Black "ousado"]
[Result "0-1"]
[WhiteElo "1356"]
[BlackElo "1546"]

1. f3 d5 2. Kf2 e5 3. e3 Nf6 4. Ne2 Nc6 5. d4 e4 6. Nd2 Be7 7. Nf4 Bd6 8. g3
exf3 9. Nxf3 g5 10. Nd3 Ne4+ 11. Kg1 Qe7 12. Nc5 Bxc5 13. dxc5 Qxc5 14. Bd3 Bg4
15. h3 Qd6 16. Bxe4 Qxg3+ 17. Kf1 Bxh3+ 18. Rxh3 Qxh3+ 19. Ke2 dxe4 20. Nxg5
Qg2+ 0-1

[Event "Let's Play Chess!"]
[Site "http://www.queenalice.com/game.php?id=439205"]
[Date "2008.7.26"]
[Round "-"]
[White "kiwi1"]
[Black "Tacosareawesome"]
[Result "1-0"]
[WhiteElo "1305"]
[BlackElo "1200"]

1. f3 e5 2. Kf2 Bc5+ 3. e3 Nf6 4. Ne2 Nd5 5. d4 exd4 6. exd4 Bd6 7. c4 Nf6 8.
Ng3 Bxg3+ 9. Kxg3 Nh5+ 10. Kf2 O-O 11. Nd2 Nc6 12. Ne4 Qh4+ 13. g3 Qe7 14. Bd3
b6 15. g4 Nf6 16. Re1 Nxe4+ 17. Rxe4 Qd8 18. Bf4 g5 19. Bd2 f5 20. gxf5 Ba6 21.
Rg4 1-0

[Event "Let's Play Chess!"]
[Site "http://www.queenalice.com/game.php?id=439206"]
[Date "2008.7.27"]
[Round "-"]
[White "kiwi1"]
[Black "szachista92"]
[Result "0-1"]
[WhiteElo "1348"]
[BlackElo "1787"]

1. f3 e5 2. Kf2 d5 3. e3 d4 4. Ne2 dxe3+ 5. Kxe3 Bc5+ 6. d4 exd4+ 7. Kd3 Bf5+ 8.
Kd2 Bb4+ 9. c3 dxc3+ 10. Ke1 c2+ 11. Kf2 cxd1=Q 12. Bd2 Bxd2 13. Nxd2 Qxa1 14.
Nc3 Qxd2+ 15. Kg3 Qae1# 0-1

[Event "Let's Play Chess!"]
[Site "http://www.queenalice.com/game.php?id=439207"]
[Date "2008.7.27"]
[Round "-"]
[White "kiwi1"]
[Black "ousado"]
[Result "0-1"]
[WhiteElo "1348"]
[BlackElo "1554"]

1. f3 f5 2. Kf2 Nf6 3. e3 e5 4. Ne2 d6 5. d4 e4 6. Nf4 g5 7. Ne2 exf3 8. gxf3
Nc6 9. Bg2 Bd7 10. Nd2 Qe7 11. e4 fxe4 12. fxe4 Bg4 13. h3 Bh5 14. Bf3 Bxf3 15.
Kxf3 O-O-O 16. b3 Bg7 17. Rg1 Rdf8 18. Rxg5 Nxe4+ 19. Nf4 Rxf4+ 0-1

[Event "Let's Play Chess!"]
[Site "http://www.queenalice.com/game.php?id=441273"]
[Date "2008.7.30"]
[Round "-"]
[White "kiwi1"]
[Black "Aldo2020"]
[Result "0-1"]
[WhiteElo "1314"]
[BlackElo "1498"]

1. f3 d5 2. Kf2 Nc6 3. e3 e5 4. Ne2 Bc5 5. d4 Bb6 6. c4 dxc4 7. Nbc3 exd4 8. Qa4
dxc3 9. Qxc4 Qe7 10. Qxc3 Qg5 11. Bd2 Bf5 12. a4 O-O-O 13. a5 Rd3 14. Qc1 Bc5
15. Nf4 Rb3 16. Qxc5 Nge7 17. Bc4 Rxb2 18. Nh3 Rxd2+ 19. Be2 Qh4+ 20. Kf1 Rhd8
21. Nf4 g5 22. g3 Qh6 23. Ng2 Rc2 24. Qb5 Qd6 25. Rd1 Rd2 26. Rb1 Bxb1 0-1

[Event "Let's Play Chess!"]
[Site "http://www.queenalice.com/game.php?id=441274"]
[Date "2008.7.30"]
[Round "-"]
[White "kiwi1"]
[Black "anetta007"]
[Result "0-1"]
[WhiteElo "1330"]
[BlackElo "1641"]

1. f3 c5 2. Kf2 e5 3. e3 Be7 4. Ne2 d5 5. d4 cxd4 6. c4 dxe3+ 7. Bxe3 d4 8. Bd2
e4 9. Nxd4 Qxd4+ 10. Ke1 exf3 11. gxf3 Bh4+ 12. Ke2 Nf6 13. Nc3 O-O 14. Be3
Qxc4+ 15. Qd3 Qc6 16. a4 Nbd7 17. Bg2 Re8 18. Kd2 Ne5 19. Qc2 Nc4+ 20. Kc1 Nxe3
21. Qd2 Bf5 22. Ra3 h6 0-1

[Event "Let's Play Chess!"]
[Site "http://www.queenalice.com/game.php?id=441275"]
[Date "2008.7.30"]
[Round "-"]
[White "kiwi1"]
[Black "spawnwolfwolverine"]
[Result "0-1"]
[WhiteElo "1326"]
[BlackElo "1644"]

1. f3 d6 2. Kf2 e5 3. e3 Nc6 4. Ne2 g6 5. d4 exd4 6. Nxd4 Nxd4 7. Qxd4 Nf6 8.
Nc3 Bg7 9. Kg1 O-O 10. Bd3 c5 11. Qh4 a6 12. e4 b5 13. Bg5 Bd7 14. Nd5 c4 15.
Be2 Be6 16. Nb4 Qb6+ 17. Kf1 Qd4 18. Nc6 Qxb2 19. Rd1 Nh5 20. g4 Nf4 21. Bxf4
Qxc2 22. Rg1 Rac8 23. Ne7+ Kh8 24. Nxc8 Rxc8 25. Bxd6 c3 26. Bd3 Qxd1+ 27. Qe1
Qxd3+ 0-1

[Event "Let's Play Chess!"]
[Site "http://www.queenalice.com/game.php?id=441276"]
[Date "2008.7.30"]
[Round "-"]
[White "kiwi1"]
[Black "spawnwolfwolverine"]
[Result "0-1"]
[WhiteElo "1320"]
[BlackElo "1650"]

1. f3 d6 2. Kf2 e5 3. e3 Nf6 4. Ne2 Be7 5. d4 O-O 6. c4 c6 7. Nbc3 a6 8. Bd2
exd4 9. Nxd4 Bd7 10. Bd3 b5 11. Qc2 bxc4 12. Nxc6 Bxc6 13. Bxc4 Nbd7 14. Bb3 a5
15. h4 Nc5 16. Bc4 d5 17. Be2 g6 18. Bd3 Nxd3+ 19. Qxd3 Bb4 20. Rae1 a4 21. a3
Bxc3 22. Bxc3 Rb8 23. g4 Re8 24. g5 Nh5 25. Qd4 f6 26. f4 Re4 27. Qc5 Rc8 0-1

[Event "Let's Play Chess!"]
[Site "http://www.queenalice.com/game.php?id=441286"]
[Date "2008.7.30"]
[Round "-"]
[White "kiwi1"]
[Black "Viper3910"]
[Result "0-1"]
[WhiteElo "1336"]
[BlackElo "1758"]

1. f3 e5 2. Kf2 Qh4+ 3. g3 Qf6 4. e4 Bc5+ 5. d4 Bxd4+ 6. Be3 Bxb2 7. Nc3 Bxc3 8.
Rb1 Nh6 9. Be2 O-O 10. Bc4 c6 11. Nh3 b5 12. Be2 a5 13. Bxh6 Qxh6 14. Rb3 Bd4+
15. Kg2 d6 16. f4 Qxh3+ 17. Kf3 a4 18. Rb4 Bc5 19. Rb1 exf4 20. c4 b4 21. Bd3
Bg4+ 0-1

[Event "Let's Play Chess!"]
[Site "http://www.queenalice.com/game.php?id=441287"]
[Date "2008.7.30"]
[Round "-"]
[White "spawnwolfwolverine"]
[Black "kiwi1"]
[Result "1-0"]
[WhiteElo "1647"]
[BlackElo "1323"]

1. c4 c5 2. d3 e6 3. e4 Nc6 4. Nf3 Nf6 5. Be2 d5 6. O-O dxe4 7. dxe4 Qc7 8. b3
Bd7 9. Nc3 Ne5 10. Nxe5 Qxe5 11. Bb2 h5 12. Rb1 Bd6 13. g3 Qg5 14. f4 Bxf4 15.
Rxf4 h4 16. Qe1 Nh5 17. Bxh5 Rxh5 18. Bc1 e5 19. Rxh4 Qg6 20. Rxh5 Qxh5 21. Nd5
Rc8 22. Ba3 f6 23. b4 Qf3 24. Rb3 Qg4 25. bxc5 Kf7 26. Rxb7 Ke6 27. Rxa7 1-0